Mosaic (Record no. 49030)

MARC details
000 -LEADER
campo de control de longitud fija 00570nam a2200181 i 4500
001 - NÚMERO DE CONTROL
campo de control 49030
003 - IDENTIFICADOR DE NÚMERO DE CONTROL
campo de control ES-MaACL
005 - FECHA Y HORA DE LA ÚLTIMA TRANSACCIÓN
campo de control 20230906161853.0
007 - CAMPO FIJO DE DESCRIPCIÓN FÍSICA--INFORMACIÓN GENERAL
campo de control de longitud fija t|
008 - DATOS DE LONGITUD FIJA--INFORMACIÓN GENERAL
campo de control de longitud fija 030704s1972 sp ||||1| spa d
100 1# - ENTRADA PRINCIPAL--NOMBRE DE PERSONA
Nombre de persona Coronzu, Antoni.
9 (RLIN) 40693
245 10 - MENCIÓN DEL TÍTULO
Título Mosaic
Resto del título : poemes /
Mención de responsabilidad, etc. Antoni Coronzu ; proemi de Cesare Acutis ; presentació de Josep Aresté Clop.
260 ## - PUBLICACIÓN, DISTRIBUCIÓN, ETC.
Lugar de publicación, distribución, etc. Barcelona :
Nombre del editor, distribuidor, etc. [Barcino :
-- Altés],
Fecha de publicación, distribución, etc. 1972.
300 ## - DESCRIPCIÓN FÍSICA
Extensión 116 p. ;
Dimensiones 20 cm.
700 1# - ENTRADA AGREGADA--NOMBRE PERSONAL
Nombre de persona Acutis, Cesare.
9 (RLIN) 18345
700 1# - ENTRADA AGREGADA--NOMBRE PERSONAL
Nombre de persona Arestés Clop, Josep.
9 (RLIN) 22643
852 ## - LOCALIZACIÓN
Ubicación ES-MaACL
Número de control de estantería C-55317
Sublocalización o colección R.87960
Holdings
Estatus retirado Estado de pérdida Estado de daño No para préstamo Biblioteca de origen Biblioteca actual Ubicación en estantería Fecha de adquisición Fuente de adquisición Total de préstamos Signatura topográfica completa Código de barras Visto por última vez Precio de reemplazo Tipo de ítem Koha
        Biblioteca del Ateneo de Madrid Biblioteca del Ateneo de Madrid Depósito 2 17/01/2008     C-55317 1051596 23/02/2023 23/02/2023 Libro impreso